000 00408nam a2200181Ia 4500
003 0100
008 130303s9999 xx 000 0 und d
020 _a918344026
040 _cARRUPELIB
050 _aBV3790.F59
245 _aEvangelization Today
260 _aNew York
260 _bCostello Publishing
260 _C1977
300 _a116p. 17cm
700 _aedited by Austin Flannery
942 0 0 _01
999 _c8269
_d8269